• 首页
  • 本馆介绍
  • 公告通知
  • 最新文献
  • 馆藏检索
  • 电子资源
  • 读者导购
  • 参考咨询
  • 我的图书馆
  • 登录
  • 详细信息显示
  • 放入我的书架
  • 预约/预借图书
  • 作者相关作品
  • 分类相关作品
  • 丛书相关作品
  • 出版社相关作品

书目信息

  • 表格格式
  • 工作单格式
  • 卡片格式
题名:
个体知识与公共知识
    
 
作者: 余文森 著
分册:  
出版信息: 北京   教育科学出版社  2010
页数: 283页
开本: 24cm
丛书名: 现代课程与教学研究新视野文库
单 册:
中图分类: G423.07
科图分类:
主题词: 课程--教学改革--研究 , 课程 , 教学改革
电子资源:
ISBN: 978-7-5041-4895-7
000 01060oam2 2200289 450
001 004585606
005 20110111095229.47
010    @a978-7-5041-4895-7@dCNY35.00
100    @a20100612d2010 em y0chiy0110 ea
101 0  @achi
102    @aCN@b110000
105    @ay z 000yy
106    @ar
200 1  @a个体知识与公共知识@Age ti zhi shi yu gong gong zhi shi@e课程变革的知识基础研究@f余文森著
210    @a北京@c教育科学出版社@d2010
215    @a283页@d24cm
225 2  @a现代课程与教学研究新视野文库
330    @a本书内容包括:个体知识与公共知识界说、课程变革历史中的个体知识与公共知识、公共知识视野中的新课程改革、个体知识视野中的新课程改革、个体知识与公共知识的对立与统一。
410  0 @12001 @a现代课程与教学研究新视野文库
517 1  @a课程变革的知识基础研究@Ake cheng bian ge de zhi shi ji chu yan jiu
606 0  @a课程@x教学改革@x研究
606 0  @a课程
606 0  @a教学改革
690    @aG423.07@v4
701  0 @a余文森@Ayu wen sen@f(1963.7~)@4著
801  0 @aCN@bSYL@c20110111
905    @b205973972-4016@h597397-4016@dG423.07@e216@f5
    
    个体知识与公共知识:课程变革的知识基础研究/余文森著.-北京:教育科学出版社,2010
    283页;24cm.-(现代课程与教学研究新视野文库)
    
    
    ISBN 978-7-5041-4895-7:CNY35.00
    本书内容包括:个体知识与公共知识界说、课程变革历史中的个体知识与公共知识、公共知识视野中的新课程改革、个体知识视野中的新课程改革、个体知识与公共知识的对立与统一。
●
相关链接 在E读中查询图书 在五车中查询图书 在当当中查询图书 在豆瓣中查询图书


正题名:个体知识与公共知识     索取号:G423.07/216         预约/预借

序号 登录号 条形码 馆藏地/架位号 状态 备注
1 597397   205973972   第一样本阅览室/ [索取号:G423.07/216] 在馆    
2 597398   205973981   第四借阅区/ [索取号:G423.07/216] 在馆    
3 597399   205973990   第四借阅区/ [索取号:G423.07/216] 在馆    
4 597400   205974007   第四借阅区/ [索取号:G423.07/216] 在馆    
5 597401   205974016   第四借阅区/ [索取号:G423.07/216] 在馆    
唐山师范学院图书馆 欢迎您!
大连网信软件有限公司© 版权所有